1906 NL Standings - Statistics

General Stats
  • This quiz has been taken 6 times
  • The average score is 6 of 8
Answer Stats
W L PCT Team % Correct
116 36 .763 Chicago Cubs
100%
93 60 .608 *Pittsburg Pirates
100%
64 87 .424 Cincinnati Reds
80%
96 56 .632 New York Giants
80%
52 98 .347 St. Louis Cardinals
80%
49 102 .325 Boston Beaneaters
60%
66 86 .434 Brooklyn Superbas
60%
71 82 .464 Philadelphia Phillies
60%
No matching quizzes found
Score Distribution
Percent of People with Each Score
Percentile by Number Answered
Your Score History
You have not taken this quiz